| 000 | 00572nam a22001577a 4500 | ||
|---|---|---|---|
| 082 | _a621.3 | ||
| 100 | _aAshraf, Marium ; Aharif, Marium ; Siddique, Aminah | ||
| 245 |
_aeVatar / _cMarium Ashraf ; Marium Aharif ; Aminah Siddique |
||
| 260 |
_aIslamabad : _bSEECS - NUST, _c2018. |
||
| 300 |
_a37 p. ; _c30cm. |
||
| 650 |
_aElectrical(Electronics) Engineering-Project Report _993383 |
||
| 700 |
_aDr. Hassan Aqeel _930761 |
||
| 856 | _u http://10.250.8.41:8080/xmlui/handle/123456789/29508 | ||
| 942 |
_2ddc _cPR |
||
| 999 |
_c536259 _d536259 |
||